Iqbal aik tehqeeqi mutalia (Record no. 329436)

000 -LEADER
fixed length control field nam a22 7a 4500
003 - CONTROL NUMBER IDENTIFIER
control field Nust
005 - DATE AND TIME OF LATEST TRANSACTION
control field 20171114101857.0
008 - FIXED-LENGTH DATA ELEMENTS--GENERAL INFORMATION
fixed length control field 170505b xxu||||| |||| 00| 0 eng d
040 ## - CATALOGING SOURCE
Transcribing agency NUST
041 ## - LANGUAGE CODE
Language code of original urdu
082 ## - DEWEY DECIMAL CLASSIFICATION NUMBER
Classification number 891.43915
Author Mark AKH
100 ## - MAIN ENTRY--PERSONAL NAME
Personal name Akhtar, Malik Hassan
9 (RLIN) 89
245 ## - TITLE STATEMENT
Title Iqbal aik tehqeeqi mutalia
Statement of responsibility, etc. by Dr. Malik Muhammad Hassan Akhtar
260 ## - PUBLICATION, DISTRIBUTION, ETC.
Place of publication, distribution, etc. Lahore:
Name of publisher, distributor, etc. Iqbal academy,
Date of publication, distribution, etc. 1996
300 ## - PHYSICAL DESCRIPTION
Extent 210 p.
650 ## - SUBJECT ADDED ENTRY--TOPICAL TERM
Topical term or geographic name entry element Iqbaliyat
9 (RLIN) 81
880 ## - ALTERNATE GRAPHIC REPRESENTATION
Linkage 100-01\(3\r
Title حسن اختر
880 ## - ALTERNATE GRAPHIC REPRESENTATION
Linkage 245-02\(3\r
Title اقبال ایک تحقیقی مطالعہ
c حسن اختر
880 ## - ALTERNATE GRAPHIC REPRESENTATION
Linkage 260-03\(3\r
Title لاہور:
b اقبال اکیڈیمی،
c 1988
942 ## - ADDED ENTRY ELEMENTS (KOHA)
Source of classification or shelving scheme
Koha item type Book
Holdings
Withdrawn status Lost status Source of classification or shelving scheme Damaged status Not for loan Permanent Location Current Location Shelving location Date acquired Total Checkouts Full call number Barcode Date last seen Copy number Price effective from Koha item type
          Central Library (CL) Central Library (CL) Book Cart 05/05/2017   928.91439 AKH CL2101 05/05/2017 1 05/05/2017 Book
© 2023 Central Library, National University of Sciences and Technology. All Rights Reserved.